| 000 | 00607nam a2200193Ia 4500 | ||
|---|---|---|---|
| 003 | GCL | ||
| 005 | 20240530103237.0 | ||
| 008 | 140319s9999 xx 000 0 ara d | ||
| 040 |
_aGCL / _cGCL |
||
| 082 | 0 | 4 |
_a940.18 _bج ع |
| 100 | 1 | _aجوزيف نسيم يوسف | |
| 245 | 1 | 0 |
_aالعرب والروم واللاتين فى الحروب الصليبية الاولى / _cجوزيف نسيم يوسف |
| 300 |
_a405 ص؛ _c24 سم |
||
| 650 | 0 | 4 | _aالحروب الصليبية |
| 650 | 0 | 4 | _aالعصور الوسطى |
| 650 | 0 | 4 | _aالعرب والروم |
| 650 | 0 | 4 | _aاوربا |
| 942 |
_2ddc _cBK |
||
| 999 |
_c37847 _d37847 |
||